00574nam a2200193 a 4500008004100000020001500041050001500056100001400071245004000085250001200125260003300137300002000170350000900190490004900199490001100248500005300259650002900312650003900341120416s1978 ||||||||||||||||| || u a0080215904 aQD 115 Sve aSvehla, G10aAutomatic potentiometric titrations a1st ed. aOxfordbPergamon Pressc1978 ax, 219p. : ill. a0.00 aInternational series in analytical chemistry v v. 60 aIncludes bibliographical references and indexes. aELECTROCHEMICAL ANALYSIS 0aCHEMISTRY--HANDBOOKS, MANUALS, ETC